| 000 | 00836nam a2200217Ii 4500 | ||
|---|---|---|---|
| 003 | JO-AjNU | ||
| 008 | 230605s9999||||xx |||||||||||||| ||und|| | ||
| 017 | _a2010/2/539 | ||
| 040 |
_aJO-AjNU _bara _erda _cJO-AjNU |
||
| 041 | _aara | ||
| 050 | 1 | 4 | _aLB1027.5.H37 2011 |
| 100 | 3 |
_aالحريري،رافدة مؤلف/الإمامي سمير م.مشارك, _eauthor _930350 |
|
| 245 | 0 | 0 | _aالإرشاد التربوي والنفسي في المؤسسات التعليمية=Educational And Psychological Guidance In Educational Institutions |
| 250 | _aط1 | ||
| 264 | 3 | 1 | _aعمان:دار المسيرة،2011 |
| 300 | _a296ص | ||
| 336 |
_atext _btxt _2rdacontent |
||
| 337 |
_aunmediated _bn _2rdamedia |
||
| 338 |
_avolume _bnc _2rdacarrier |
||
| 650 | 4 |
_a التوجيه التربوي-علم النفس التربوي _930351 |
|
| 999 |
_aA12020 _c15588 _d15588 |
||